A Robert Bosch Kft. szállítási láncának elemzése és optimalizálási lehetőségei
| Szerző: | |
|---|---|
| További közreműködők: | |
| Dokumentumtípus: | Projektmunka |
| Kulcsszavak: | áruszállítás logisztika nemzetközi logisztika optimalizálás szállítmányozás teljesítmény optimalizálása |
| Online Access: | http://dolgozattar.uni-bge.hu/59760 |
MARC
| LEADER | 00000nnm a2200000 i 4500 | ||
|---|---|---|---|
| 001 | dolg59760 | ||
| 005 | 20260409145528.0 | ||
| 008 | 260409suuuu hu o 000 hun d | ||
| 040 | |a BGE Dolgozattár Repozitórium |b hun | ||
| 041 | |a hu | ||
| 100 | 1 | |a Fekete Kristóf Zoltán | |
| 245 | 1 | 2 | |a A Robert Bosch Kft. szállítási láncának elemzése és optimalizálási lehetőségei |c Fekete Kristóf Zoltán |h [elektronikus dokumentum] |
| 516 | |a Project_work | ||
| 520 | 3 | |a Szakdolgozatom célja, hogy az általam megszerzett tapasztalatokra és a szakirodalmiháttérre alapozva vizsgáljam, hogyan lehet a nemzetközi szállítási láncot, azon belül is a közútiszállítmányozást optimalizálni a Robert Bosch, és különös tekintettel az azt támogatóinformatikai rendszerek vonatkoztatásában. Az optimalizálási lehetőségek sorra vételezésekorfigyelembe kell venni a szállítmányozási módok sajátosságait, a digitalizáció és automatizáláslehetőségeit, az egyes relációk működését, valamint a speciális krízishelyzeteket is, amelyekrugalmasságot és gyors átszervezést igényelnek a logisztikai csapattól. Projektmunkám céljanem csupán egy vállalat folyamatainak bemutatása, hanem annak feltárása, hogy miképpen,mely eszközök és megközelítések segítségével lehetne a jelenlegi szállítási lánc működéséthatékonyabbá, gyorsabbá és fenntarthatóbbá tenni, azaz optimalizálni. | |
| 695 | |a áruszállítás | ||
| 695 | |a logisztika | ||
| 695 | |a nemzetközi logisztika | ||
| 695 | |a optimalizálás | ||
| 695 | |a szállítmányozás | ||
| 695 | |a teljesítmény optimalizálása | ||
| 700 | 1 | |a Domboróczky Dr. Zoltán |e ths | |
| 856 | 4 | 0 | |u http://dolgozattar.uni-bge.hu/59760/1/A%20Robert%20Bosch%20Kft.%20sz%C3%A1ll%C3%ADt%C3%A1si%20l%C3%A1nc%C3%A1nak%20elemz%C3%A9se%20%C3%A9s%20optimaliz%C3%A1l%C3%A1si%20lehet%C5%91s%C3%A9gei.pdf |z Dokumentum-elérés |
| 856 | 4 | 0 | |u http://dolgozattar.uni-bge.hu/59760/2/Fekete_Krist%C3%B3f_KM%20FOSZK%20b%C3%ADr%C3%A1lati%20lap.pdf |z Dokumentum-elérés |